000 00515nam a22001817a 4500
005 20241105115136.0
008 241105b |||||||| |||| 00| 0 eng d
020 _a978-93-88902-73-1
082 _a611
_bCHA-B
100 _aChaurasia, B D
245 _aBD Chaurasia's Human Anatomy-3 :
_bHead and Neck /
_cby B D Chaurasia
260 _aIndia :
_bCBS Publisher ;
_c2016 .
300 _a365 p. :
_bill. ;
_c28 cm .
490 _vvol.3
500 _aInclude Index.
650 _aMedical / Anatomy
999 _c36754
_d36754